000 01437nam a2200193 a 4500
008 180205t2015 ag ||||g |||| 00| 0 spa d
020 _a9789504946472
041 _aspa
092 _c808
_l7
_sBLU
100 1 _aJean, Blue
_qFrancisco de Paula Fernández
_94365
245 _aAlgo tan sencillo como tuitear te quiero/
_cBlue Jean
250 _a2a ed.
260 _aBuenos Aires:
_bPlaneta;
_c2015.
300 _a544 p.
_c23x15 cm
500 _aJean, B. (2015). Algo tan sencillo como tuitear te quiero. (2a ed.). Buenos Aires : Planeta.
505 _aEl primer año en la universidad marca la vida muchas personas. Te enfrentas a nuevos retos, nuevas ilusiones y numerosos cambios que, por más que los tengas previstos, no dejan de sorprenderte. Todo esto se multiplica si, además, ese primer año transcurre en una residencia de estudiantes. Vives veinticuatro horas, los siete días de la semana, con lo que terminan convirtiéndose en tus mejores amigos. Abres los ojos de par en par y surge el amo, llegan las decepciones, descubres la pasión, te persiguen las tentaciones, conoces a fondo tus miedos... Todo un ritmo que da vértigo. Los chicos de la Residencia Benjamín Franklin afronta esa época repletos de sueños y también de dudas. Las cosas no siempre son lo que parecen ni terminan como uno desea. Pero tienes que alcanzar la moneda para saber si sale cara o ceca.
655 _aLiteratura
_92917
942 _2ddc
_cLIT
999 _c3324
_d3324